000
00191 a2200097 4500
001
10468
100
_a
Babington smith,C
245
_a
Air spy
260
_a
_b
Harper
_c
090
_c
8088
_d
8088
942
_a
NUST-CAE
_c
M
_c
34809
999
_c
245541
_d
245541